En images : Le monument préféré des Français - Statistiques

Statistiques générales
  • Ce quiz a été pris 51 fois
    27 depuis la dernière actualisation
  • Le résultat moyen est 3 sur 6
Statistiques - réponses
Par images Hint Réponse % Correct
Grand-Est Place Stanislas à {Nancy}
100%
Bourgogne-Franche-Comté Citadelle et lion de {Belfort}
79%
Hauts-de-France Beffroi d'{Arras}
67%
Normandie Gare transatlantique de {Cherbourg}
38%
Grand-Est Château-fort de {Sedan}
33%
Auvergne-Rhône-Alpes Monastère royal de {Brou}
21%
Aucun quiz correspondant
Distribution des résultats
% des personnes avec chaque résultat
Percentile par nombre de réponses
Votre historique - résultats
Vous n’avez pas pris ce quiz depuis la dernière actualisation